000 00258nam a22001217a 4500
020 _a9780340978900
082 _a823
_bPIC
100 _aJodi Picoult
_9857
245 _aHarvesting the Heart
260 _aAmerica
_bHodder
_c2011
300 _a508
942 _cBK
999 _c35862
_d35862